| 000 | 01027nam a2200277 i 4500 | ||
|---|---|---|---|
| 001 | 68037 | ||
| 999 |
_c68037 _d68037 |
||
| 003 | Mx-PuUPA | ||
| 005 | 20240130161853.0 | ||
| 008 | 181113b2015 sp d||||r|||| 00| 0 eng d | ||
| 020 | _a9788490772362 | ||
| 040 |
_aMx-PuUPA _bspa _cMx-PuUPA _dMx-PuUPA _erda |
||
| 041 | 0 | _aeng | |
| 245 | 1 | 0 |
_aTutorial action in present education / _cJorge Expósito López, coordinador |
| 264 | 0 |
_aMadrid : _bEditorial Síntesis, _c2015 |
|
| 300 |
_a308 páginas : _bgráficas, tablas ; _c23 cm. |
||
| 336 |
_atexto _2rdacontent _btxt |
||
| 337 |
_asin medio _2rdamedia _bn |
||
| 338 |
_avolumen _2rdacarrier _bnc |
||
| 650 | 4 |
_aTutoria (Enseñanza) _xEducación |
|
| 700 | 1 |
_aExpósito López, Jorge _ecoordinador _98356 |
|
| 942 |
_2ddc _cLI _h371.102 _iT966 |
||